|
|
|
|
| LEADER |
01074nta a2200229 i 4500 |
| 001 |
dokt4409 |
| 005 |
20220401132510.0 |
| 008 |
220401s1997 hu om 0|| hun d |
| 040 |
|
|
|a SZTE Doktori Repozitórium
|b hun
|
| 041 |
|
|
|a hun
|
| 100 |
1 |
|
|a Szelei József
|
| 245 |
1 |
0 |
|a [Nagy DNS tartalmú liposzómák kifejlesztése eukarióta sejtek hatékony transzformációjára]
|h [elektronikus dokumentum] :
|b Egyetemi doktori fokozatának PhD fokozattá történő átminősítésére benyújtott tézis /
|c Szelei József
|
| 260 |
|
|
|c 1997
|
| 502 |
|
|
|a Disszertacio
|
| 650 |
|
4 |
|a biológiai tudományok
|
| 650 |
|
4 |
|a Természettudományok
|
| 650 |
|
4 |
|a Biológiai tudományok
|
| 695 |
|
|
|a Biokémia
|
| 700 |
1 |
|
|a nincs megadva
|e ths
|
| 856 |
4 |
0 |
|u https://doktori.bibl.u-szeged.hu/id/eprint/4409/1/1997_szelei_jozsef_tezis.pdf
|z Dokumentum-elérés
|
| 856 |
4 |
0 |
|u https://doktori.bibl.u-szeged.hu/id/eprint/4409/2/1997_szelei_jozsef_biralat.pdf
|z Dokumentum-elérés
|
| 856 |
4 |
0 |
|u https://doktori.bibl.u-szeged.hu/id/eprint/4409/3/1997_szelei_jozsef_publikaciok.pdf
|z Dokumentum-elérés
|